Statistics for Top 10 1-Team QB's Ever

Click here to take the quiz!

General Stats

  • This quiz has been taken 22 times
  • The average score is 8 of 10

Answer Stats

TeamQB% Correct
2. GBPAaron Rodgers
100%
5. MIADan Marino
100%
3. DENJohn Elway
94%
10. DALTroy Aikman
94%
6. DALRoger Staubach
88%
9. GBPBart Starr
82%
1. CLEOtto Graham
82%
7. PITTerry Bradshaw
82%
4. WASSammy Baugh
65%
8. CHISid Luckman
53%

Score Distribution

Percentile by Number Answered

Percent of People with Each Score

Your Score History

You have not taken this quiz